[Event "Schleswig Holstein-ch D 56th"]
[Site "Eckernfoerde"]
[Date "2001.04.??"]
[Round "7"]
[White "Mueller, Andreas"]
[Black "Wieser, Hans Juergen"]
[Result "0-1"]
[WhiteElo "1468"]
[BlackElo "1725"]
[PlyCount "60"]
[EventDate "2001.04.??"]
[EventType "swiss"]
[EventRounds "9"]
[EventCountry "GER"]
[SourceTitle "EXT 2004"]
[Source "ChessBase"]
[SourceDate "2003.11.25"]
[SourceVersion "1"]
[SourceVersionDate "2003.11.25"]
[SourceQuality "1"]

1. e4 d5 2. e5 c5 3. Nf3 e6 4. d3 Nc6 5. Be2 Qc7 6. Bf4 f6 7. 0-0 fxe5 8. Bg3 Bd6 9. Nbd2 Nf6 10. Ng5 h5 11. h3 Qe7 12. Bh2 Bd7 13. b3 Nd4 14. c3 Nxe2+ 15. Qxe2 Ng4 16. hxg4 Qxg5 17. gxh5 Rxh5 18. Nf3 Qg4 19. Rae1 0-0-0 20. Nxe5 Qxe2 21. Rxe2 Rdh8 22. f3 Rxh2 23. Nf7 Rh1+ 24. Kf2 Rxf1+ 25. Kxf1 Rh1+ 26. Kf2 Be7 27. Ne5 Bh4+ 28. g3 Rh2+ 29. Kf1 Rxe2 30. Kxe2 Bxg3 0-1